00452nam a2200169Ia 45000010005000000030009000050050017000140080041000310400013000720820016000851000029001012450081001302600038002113000011002495460007002607000015002672838PK-LaUMT20221110120417.0140314s9999 xx 000 0 und d cPK-LaUMT a 515bSMY-K aMuhammad Amin, Jt. Auth. aKey to calculus with analytic geometrycMuhammad Amin, Jt. Auth.<>S.M. Yusuf aNew York,USA:bPrentice Hall,cNA a704 p. aEN aS.M. Yusuf